书目信息 |
| 题名: |
电路电机技术
|
|
| 作者: | 方德政 主编 | |
| 分册: | ||
| 出版信息: | 上海 同济大学出版社 1990.12 |
|
| 页数: | 304页 | |
| 开本: | 26cm | |
| 丛书名: | ||
| 单 册: | ||
| 中图分类: | TM301 | |
| 科图分类: | ||
| 主题词: | 电机 | |
| 电子资源: | ||
| ISBN: | 7-5608-0609-0 | |
| 000 | 00535nam0 2200193 450 | |
| 001 | 0755706333 | |
| 005 | 20071220152939.41 | |
| 010 | @a7-5608-0609-0@dCNY6.70 | |
| 100 | @a20071220d1990 km y0chiy0120 ea | |
| 101 | 0 | @achi |
| 102 | @aCN@b310000 | |
| 200 | 1 | @a电路电机技术@Adian lu dian ji ji shu@f方德政主编@Ffang de zheng zhu bian |
| 210 | @a上海@c同济大学出版社@d1990.12 | |
| 215 | @a304页@d26cm | |
| 606 | 0 | @a电机 |
| 690 | @aTM301@v4 | |
| 701 | 0 | @a方德政@Afang de zheng@4主编 |
| 801 | 0 | @aCN@bPFT@c20071220 |
| 905 | @aBZT@dTM301@e2 | |
| 电路电机技术/方德政主编.-上海:同济大学出版社,1990.12 |
| 304页;26cm |
| ISBN 7-5608-0609-0:CNY6.70 |
| ● |
| 相关链接 |
|
|
|
正题名:电路电机技术
索取号:TM301/2
 
预约/预借
| 序号 | 登录号 | 条形码 | 馆藏地/架位号 | 状态 | 备注 |
| 1 | 10065 | 220001735 | 中心书库中库/ 中库029架A面1列4层13/ [索取号:TM301/2] | 在馆 |